| 000 | 00660nam a22001937a 4500 | ||
|---|---|---|---|
| 003 | CEME | ||
| 005 | 20210628210638.0 | ||
| 008 | 210105b xxu||||| |||| 00| 0 eng d | ||
| 020 | _a97804706595067 | ||
| 040 | _c. | ||
| 082 | _a658.787 FIN | ||
| 100 |
_aFinkenzeller, Klaus, Miller, Dorte _980326 |
||
| 245 | _aRfid handbook,fundamentals and applications in contactless smart cards, radio frequency identification and near field communication | ||
| 250 | _a3RD | ||
| 260 |
_aINDIA _bJOHN WILEY _c2010 |
||
| 300 | _aXVI, 462P | ||
| 650 |
_aRFID HANDBOOK.INVENTORY CONTROL-AUTOMATION.RFID.RADIO FREQUENCY IDENTIFICATION SYSTEMS. _980327 |
||
| 942 |
_cBK _2ddc |
||
| 999 |
_c585280 _d585280 |
||